Conexión - Foreign Teck, Justin Quiles, Jay Wheeler, Bryant Myers... - Estadísticas

Estadísticas generales
  • Esta prueba ha sido intentada 32 veces
  • La puntuación promedio es 652 de 868
Estadísticas de respuestas
Letra % Correcto
a
100%
A
100%
bien
100%
Como
100%
como
100%
cómo
100%
con
100%
e
100%
ha
100%
I
100%
Lo
100%
lo
100%
m
100%
ma
100%
100%
Ma
100%
me
100%
100%
mi
100%
no
100%
No
100%
o
100%
pa
100%
Pa
100%
para
100%
por
100%
Por
100%
que
100%
Que
100%
qué
100%
Qué
100%
s
100%
se
100%
100%
si
100%
Si
100%
solo
100%
t
100%
Te
100%
te
100%
ti
100%
100%
Tu
100%
100%
tu
100%
ah
80%
Ahí
80%
be
80%
Benz
80%
cartera
80%
castigue
80%
claro
80%
compro
80%
conexión
80%
Creo
80%
cupido
80%
de
80%
demonio
80%
Dime
80%
Dio
80%
el
80%
empezaste
80%
en
80%
entre
80%
esta
80%
está
80%
estar
80%
esto
80%
estoy
80%
filtró
80%
flechó
80%
fue
80%
Hablándote
80%
hay
80%
la
80%
La
80%
labio
80%
le
80%
mentir
80%
mintiendo
80%
monto
80%
mostro
80%
Mostro
80%
mundo
80%
muy
80%
necesidad
80%
ninguna
80%
nosotro
80%
Nosotro
80%
otra
80%
otro
80%
Otro
80%
pasó
80%
peleando
80%
Pero
80%
pero
80%
puedo
80%
qualitie
80%
quiero
80%
sabe
80%
see
80%
siento
80%
Siento
80%
Solamente
80%
son
80%
tenerte
80%
tengo
80%
Tiene
80%
tiene
80%
To
80%
to
80%
toda
80%
tuyo
80%
un
80%
Un
80%
ver
80%
vo
80%
voy
80%
y
80%
Y
80%
ya
80%
yo
80%
Yo
80%
zapato
80%
ahora
60%
Ahora
60%
alcohol
60%
aquí
60%
atormento
60%
babie
60%
Baby
60%
baby
60%
bajarte
60%
bajé
60%
besar
60%
bye
60%
Bye
60%
comprarte
60%
Contigo
60%
contigo
60%
cosa
60%
cuerpo
60%
décimo
60%
decimo
60%
dejó
60%
dentro
60%
despertar
60%
digo
60%
Dile
60%
diseñador
60%
doce
60%
enchule
60%
envolví
60%
era
60%
Ese
60%
ese
60%
eso
60%
estaba
60%
Estás
60%
expresar
60%
favor
60%
Ferragamo
60%
flow
60%
friends
60%
Ganador
60%
got
60%
Got
60%
había
60%
hace
60%
hacemo
60%
hice
60%
in
60%
infeli
60%
Ja
60%
ja
60%
Jam
60%
juegue
60%
juro
60%
lamento
60%
Loui
60%
Mami
60%
mami
60%
Mañana
60%
mejor
60%
momento
60%
necesita
60%
Nicky
60%
novio
60%
nuestro
60%
nunca
60%
olvidarte
60%
on
60%
Only
60%
Oxy
60%
Panadol
60%
panty
60%
pasa
60%
pasando
60%
picha
60%
pose
60%
put
60%
puta
60%
Puta
60%
quería
60%
quiere
60%
quieren
60%
sentido
60%
sentir
60%
seré
60%
siempre
60%
solita
60%
también
60%
taquilla
60%
tiempo
60%
Tranquila
60%
una
60%
vece
60%
vibe
60%
yeah
60%
Yeah
60%
you
60%
You
60%
Ante
40%
bueno
40%
cancelo
40%
celo
40%
Celo
40%
corazón
40%
cortarme
40%
corto
40%
dejar
40%
desde
40%
doble
40%
faltan
40%
for
40%
frío
40%
get
40%
gritaste
40%
hicimo
40%
hielo
40%
ll
40%
luna
40%
muera
40%
my
40%
negar
40%
noche
40%
peleamo
40%
primera
40%
ropa
40%
será
40%
suelo
40%
supera
40%
tamo
40%
tenía
40%
toy
40%
viste
40%
voce
40%
way
40%
would
40%
amarrame
20%
And
20%
and
20%
anotamo
20%
away
20%
Bry
20%
Bryant
20%
couldn
20%
cuando
20%
day
20%
Dios
20%
ever
20%
Extraño
20%
Flipeando
20%
llegaste
20%
make
20%
Make
20%
neither
20%
playin
20%
serás
20%
stay
20%
the
20%
tryna
20%
wasn
20%
world
20%
your
20%
about
0%
cannot
0%
cinnamon
0%
crib
0%
curvin
0%
despertaba
0%
Dímelo
0%
friеnds
0%
give
0%
Givin
0%
hop
0%
it
0%
Let
0%
like
0%
mento
0%
mera
0%
pera
0%
poppin
0%
prayin
0%
pull
0%
shower
0%
spot
0%
swirl
0%
Teck
0%
that
0%
think
0%
Tiеne
0%
up
0%
with
0%
No se encontraron pruebas coincidentes
Distribución de puntuación
Porcentaje de gente con cada puntuación
Porcentaje por número respondido
Historial de tus puntuaciones
No has intentado esta prueba.